| 000 | 005300000a22001930004500 | ||
|---|---|---|---|
| 001 | 002231 | ||
| 003 | MACL | ||
| 005 | 20150728180559.0 | ||
| 008 | 150728b xxu||||| |||| 00| 0 eng d | ||
| 040 |
_aMACL _cMACL |
||
| 041 | _aEnglish | ||
| 082 | _a335/MAN | ||
| 100 |
_aMannathukkaren, Nissam _93022 |
||
| 245 |
_aThe Rupture With Memory _bDerrida and the Specters that Haunt Marxism _cNissam Mannathukkaren |
||
| 260 |
_aNew Delhi _c2006 _bNavayana, |
||
| 350 | _a150 | ||
| 650 |
_aSocial Science _93023 |
||
| 942 |
_k335 _cBK _2ddc |
||
| 999 |
_c14145 _d14145 |
||